Pays enclavés d'Asie - Mort subite - Statistiques

Statistiques générales
  • Ce quiz a été pris 179 fois
  • Le résultat moyen est 6 sur 12
Answers on the Grid
Answers color-coded by a green-red scale on the quiz's grid according to % correct below.
Afghanistan
Arménie
Azerbaïdjan
Bhoutan
Kazakhstan
Kirghizistan
Laos
Mongolie
Népal
Ouzbékistan
Tadjikistan
Turkménistan
Syrie
Moldavie
Jordanie
Liban
Koweït
Bahreïn
Oman
Singapour
Brunei
Timor oriental
Cambodge
Corée du Nord
Taïwan
Géorgie
 
Statistiques - réponses
Réponse % Correct
Népal
57%
Mongolie
54%
Kirghizistan
51%
Bhoutan
50%
Laos
50%
Kazakhstan
49%
Turkménistan
48%
Ouzbékistan
47%
Tadjikistan
47%
Afghanistan
45%
Arménie
41%
Azerbaïdjan
37%
Aucun quiz correspondant
Distribution des résultats
% des personnes avec chaque résultat
Percentile par nombre de réponses
Votre historique - résultats
Vous n’avez pas pris ce quiz